000
00322nam a2200121Ia 4500
008
150202s9999 xx 000 0 und d
050
_a
FIC
_b
FIC
100
_a
Cebulash, Mel.
245
_a
Herbie/
_c
Mel Cebulash.
260
_a
New York :
_b
Scholastic Books,
_c
1974.
300
_a
104 pages :
_c
18 cm.
650
_a
Fiction.
999
_c
281895
_d
281895